Cinco pepitas de naranja, el mendigo de la cicatriz, el carbunclo azul, la banda moteada

Na minha lista:
Detalhes bibliográficos
Autor principal: Doyle, Arthur Conan (Author)
Formato: Livro
Idioma:espanhol
Publicado em: Santiago Andrés Bello 2000
Colecção:Gran Biblioteca Icarito
Assuntos:
Tags: Adicionar Tag
Sem tags, seja o primeiro a adicionar uma tag!

MARC

LEADER 00000nam a2200000 a 4500
001 UCG4172
003 CL-VaPUC
008 101018e20000000CL |||||||||||||||||spa|d
082 0 4 |a 823  |b DOY  |2 21 
100 0 |a Doyle, Arthur Conan  |e author  |9 553494 
245 1 0 |a Cinco pepitas de naranja, el mendigo de la cicatriz, el carbunclo azul, la banda moteada 
300 |a 100 p 
942 |c BK 
945 |d 20101018 00:00:00  |a mfarfan 
260 |a Santiago  |b Andrés Bello  |c 2000 
650 0 |a Literatura inglesa  |9 312907 
650 0 |a Novelas inglesas  |9 265220 
650 0 |a Novelas policiales  |9 460128 
650 0 |a Escritores ingleses  |9 389424 
583 |a last modification  |c 20101018 00:00:00  |k Rodrigo Vera 
490 0 |a Gran Biblioteca Icarito 
999 |c 343011  |d 343009